|
|
|
|
| LEADER |
00000naa2a2200000 4500 |
| 001 |
215261 |
| 005 |
20240115124042.0 |
| 035 |
|
|
|a (RuTPU)RU\TPU\book\235162
|
| 090 |
|
|
|a 215261
|
| 100 |
|
|
|a 20120507d2004 k y0rusy50 ca
|
| 101 |
0 |
|
|a rus
|
| 102 |
|
|
|a RU
|
| 200 |
1 |
|
|a Перспективы производства горно-шахтного оборудования на ООО ПО "Юрмаш"
|f В. Ю. Тимофеев, М. Ю. Блащук
|
| 320 |
|
|
|a Библиогр.: 2 назв.
|
| 461 |
|
0 |
|0 (RuTPU)RU\TPU\book\119005
|t Прогрессивные технологии и экономика в машиностроении
|o труды II Всероссийской научно-практической конференции, 29-30 апреля 2004 года, Юрга
|f Томский политехнический университет; Прогрессивные технологии и экономика в машиностроении; под ред. О. Ю. Ретюнского
|d 2004
|
| 463 |
|
0 |
|0 (RuTPU)RU\TPU\book\118383
|t Т. 1
|v С. 143-145
|d 2004
|p 200 с.
|
| 610 |
1 |
|
|a горно-шахтное оборудование
|
| 610 |
1 |
|
|a производство
|
| 610 |
1 |
|
|a Юрмаш
|
| 610 |
1 |
|
|a труды учёных ТПУ
|
| 700 |
|
1 |
|a Тимофеев
|b В. Ю.
|c российский учёный в области горно-шахтного оборудования
|c старший преподаватель Юргинского технологического института (филиал) Томского политехнического университета
|g Вадим Юрьевич
|3 (RuTPU)RU\TPU\pers\26168
|
| 701 |
|
1 |
|a Блащук
|b М. Ю.
|c горный инженер
|c доцент Юргинского технологического института (филиала) Томского политехнического университета, кандидат технических наук
|f 1979-
|g Михаил Юрьевич
|3 (RuTPU)RU\TPU\pers\25157
|9 11241
|
| 801 |
|
1 |
|a RU
|b 63413507
|c 20120507
|
| 801 |
|
2 |
|a RU
|b 63413507
|c 20120507
|g RCR
|
| 942 |
|
|
|c BK
|